Name Dropping #47: Boxers - Statistics

General Stats
  • This quiz has been taken 17 times
  • The average score is 17 of 25
Answer Stats
Hint Extra Hint Answer % Correct
George 1949–2025. Heavy. 81-76-68-5. Foreman
94%
Muhammad 1942–2016. Heavy. 61-56-37-5. Ali
88%
Marvelous Marvin 1954–2021. Middle. 67-62-52-3-2D. Hagler
88%
Rocky 1923–1969. Heavy. 49-49-43-0. Marciano
88%
Floyd 1977–. S Feather/Light/L Welter/Welter/L Middle. 50-50-27-0. Mayweather Jr.
88%
Roberto 1951–. Light/Welter/L Middle/Middle/S Middle. 119-103-70-16. Durán
81%
Larry 1949–. Heavy. 75-69-44-6. Holmes
81%
Joe 1914–1981. Heavy. 69-66-52-3. Louis
81%
Manny (“PacMan”) 1978–. L Fly/Fly/S Bantam/Feather/S Feather/Light/L Welter/Welter/L Middle. 73-62-39-8-3D. Pacquiao
81%
Sugar Ray 1921–1989. Light/Welter/Middle/L Heavy. 201-174-109-19-6D-2NC. Robinson
81%
Julio César 1962–. S Feather/Light/L Welter/Welter. 115-107-86-6-2D. Chávez
75%
Thomas 1958–. Welter/L Middle/Middle/S Middle/L Heavy/Cruiser. 67-61-48-5-1D. Hearns
69%
Roy 1969–. Middle/S Middle/L Heavy/Cruiser/Heavy. 76-66-47-10. Jones Jr.
69%
Pernell 1964–2019. Light/L Welter/Welter/L Middle. 46-40-17-4-1D-1NC. Whitaker
69%
Archie 1913–1998. Middle/L Heavy/Heavy. 220-186-132-23-10D-1NC. Moore
63%
Henry 1912–1988. Feather/Light/Welter/Middle. 183-151-100-22-10D. Armstrong
56%
Ezzard 1921–1975. Middle/L Heavy/Heavy. 121-95-52-25-1D. Charles
56%
Bob 1863–1917. Middle/L Heavy/Heavy. 101-69-57-12-14D-6NC. Fitzsimmons
56%
Willie 1922-2006. Feather. 241-229-65-11-1D. Pep
56%
Terence (“Bud”) 1987–. Light/L Welter/Welter/L Middle/S Middle. 42-42-31-0. Crawford
50%
Salvador (“Sal”) 1959–1982. Bantam/Heavy. 46-44-32-1-1D. Sánchez
50%
Sugar Ray 1956–. Welter/L Middle/Middle/S Middle/L Heavy. 40-36-25-3-1D. Leonard
44%
Harry 1894–1926. Middle/L Heavy. 299*-261-49-18-19D-1NC. Greb
38%
Sam 1886–1956. Light/Welter/Middle/L Heavy/Heavy. 314*-210-126-43-53D-8NC. Langford
38%
Benny 1896–1947. Light/Welter. 219*-185-70-22-9D-3NC. Leonard
25%
No matching quizzes found
Score Distribution
Percent of People with Each Score
Percentile by Number Answered
Your Score History
You have not taken this quiz